000 00736nam a22002057a 4500
999 _c13209
_d13209
003 OSt
005 20190410085548.0
008 190212b ||||| |||| 00| 0 eng d
040 _cUM Digos College
082 _22018
_aUT 1205
_bG97
100 _aGumalawe, Meryl Jairah M.
_936943
245 _aStudy skills and academic performance among grade 12 students/
_cMeryl Jairah M. Gumalawe, Cristine Joy B. Aquino, and Clyde Von R. Cesar.
260 _aDigos City:
_bUMDC
_cNovember 2018.
300 _a36 pages;
_c30 cm.
650 _aEducation
_vEnglish
_xUndergraduate thesis.
_936944
700 _aGumalawe, Meryl Jairah M.
_936943
700 _aAquino, Cristine Joy B.
_936945
700 _aCesar, Clyde Von R.
_936946
942 _2ddc
_cUT